Jovanotti - Ti porto via con me - Statistics

Statistiche generali
  • Questo quiz è stato fatto 97 volte
  • Il punteggio medio è 148 su 297
Statistiche sulle risposte
Hint % Corretto
i
99%
via
99%
con
97%
me
97%
porto
97%
Rit ti
97%
fa
95%
questa
92%
fantastica
90%
In
89%
in
89%
notte
89%
a
84%
il
84%
la
77%
di
70%
mondo
67%
un
66%
da
64%
per
63%
se
63%
si
60%
cielo
59%
lo
59%
che
58%
una
56%
del
55%
e
55%
questo
48%
inizio
45%
c'è
44%
come
44%
Come
44%
fare
44%
più
42%
posso
41%
davvero
40%
nostri
40%
su
40%
lascia
38%
musica
38%
non
38%
scia
38%
toccare
38%
niente
37%
perdere
37%
cercano
36%
sembra
36%
tutto
36%
possibile
34%
sguardi
34%
invincibile
33%
nel
33%
ribalteremo
33%
ali
32%
arrampica
32%
desiderio
32%
illuminazione
32%
nuova
32%
porti
32%
atmosfera
30%
dorsale
30%
fatte
30%
spina
30%
cascata
29%
fanno
29%
noi
29%
astronave
27%
cercare
27%
dimensione
27%
mentre
27%
vibrare
27%
verso
25%
delirio
23%
lanciata
23%
totale
23%
bassi
22%
dentro
22%
sola
21%
sole
21%
manciata
19%
ore
18%
suona
18%
Due
16%
due
16%
respira
16%
Dj
15%
metterci
15%
130
14%
diventare
14%
ho
14%
respiro
14%
BPM
12%
dire
12%
nota
12%
tempo
12%
buona
11%
cuori
11%
fondono
11%
forte
11%
fuori
11%
macchina
11%
ritmica
11%
sente
11%
senti
11%
mezzo
10%
mille
10%
ad
8%
amori
8%
donna
8%
già
8%
luce
8%
nascono
8%
polvere
8%
storie
8%
temporale
8%
dai
7%
elettronico
7%
esplodono
7%
lava
7%
mattino
7%
sento
7%
siamo
7%
alla
5%
guardare
5%
scivola
5%
spingono
5%
vicino
5%
altro
4%
dolore
4%
nascere
4%
pianeta
4%
qui
4%
spazio
4%
strada
4%
viaggiare
4%
vita
4%
danza
3%
iniziato
3%
nuovo
3%
comincia
1%
filmare
1%
resterò
1%
scioglie
1%
scorre
1%
finisce
0%
parte
0%
scena
0%
Nessun quiz corrispondente trovato
Distribuzione punteggi
Percentuale di utenti per punteggio
Percentile per numero di risposta
I tuoi punteggi nel tempo
Non hai fatto questo quiz